[Event "Stay Safe Play From Home 284"]
[Site "Emanuel Lasker Arena"]
[Date "2020.07.07"]
[Round "4"]
[White "Ironmike"]
[Black "Mepe_Nika"]
[Result "0-1"]
[WhiteElo "1971"]
[BlackElo "2349"]
[PlyCount "50"]
[EventDate "2020.07.07"]
[EventType "swiss (blitz)"]
[WhiteTeam "SV Horst-Emscher I"]

{Dönges, Dirk (1820)} 1. e4 {[%emt 0:00:01]} e5 {[%emt 0:00:01]} 2. Nf3 {[%emt 0:00:00]} Nc6 {[%emt 0:00:01]} 3. Nc3 {[%emt 0:00:00]} Nf6 {[%emt 0:00:01]} 4. Bc4 {[%emt 0:00:00]} Nxe4 {[%emt 0:00:02]} 5. d3 {[%emt 0:00:00]} Nxc3 {[%emt 0:00:01]} 6. bxc3 {[%emt 0:00:01]} d5 {[%emt 0:00:00]} 7. Bb3 {[%emt 0:00:01]} Bc5 {[%emt 0:00:00]} 8. O-O {[%emt 0:00:00]} O-O {[%emt 0:00:00]} 9. h3 {[%emt 0:00:01]} Be6 {[%emt 0:00:02]} 10. Be3 {[%emt 0:00:00]} d4 {[%emt 0:00:02]} 11. cxd4 {[%emt 0:00:00]} Nxd4 {[%emt 0:00:02]} 12. Nxd4 {[%emt 0:00:01]} Bxd4 {[%emt 0:00:01]} 13. Bxd4 {[%emt 0:00:01]} exd4 {[%emt 0:00:01]} 14. Rb1 {[%emt 0:00:00]} Bd5 {[%emt 0:00:03]} 15. f4 {[%emt 0:00:01]} c5 {[%emt 0:00:01]} 16. f5 {[%emt 0:00:01]} Bxb3 {[%emt 0:00:02]} 17. axb3 {[%emt 0:00:02]} b6 {[%emt 0:00:01]} 18. f6 {[%emt 0:00:01]} gxf6 {[%emt 0:00:02]} 19. Qg4+ {[%emt 0:00:00]} Kh8 {[%emt 0:00:01]} 20. Qf5 {[%emt 0:00:01]} Rg8 {[%emt 0:00:01]} 21. Rf3 {[%emt 0:00:01]} Rg6 {[%emt 0:00:01]} 22. Rbf1 {[%emt 0:00:01]} Qd6 {[%emt 0:00:01]} 23. Qh5 {[%emt 0:00:02]} Rag8 {[%emt 0:00:01]} 24. Qh4 {[%emt 0:00:01]} Rxg2+ {[%emt 0:00:01]} 25. Kh1 {[%emt 0:00:01]} Rh2# {[%emt 0:00:01] (Lag: Av=0.37s, max=0.5s)} 0-1

[Event "Stay Safe Play From Home 284"]
[Site "Emanuel Lasker Arena"]
[Date "2020.07.07"]
[Round "4"]
[White "Bardellosport"]
[Black "Trotsky"]
[Result "1-0"]
[WhiteElo "1954"]
[BlackElo "1634"]
[PlyCount "67"]
[EventDate "2020.07.07"]
[EventType "swiss (blitz)"]

1. e4 {[%emt 0:00:01]} c5 {[%emt 0:00:01]} 2. d3 {[%emt 0:00:00]} e6 {[%emt 0:00:00]} 3. Nd2 {[%emt 0:00:00]} d5 {[%emt 0:00:01]} 4. Ngf3 {[%emt 0:00:00]} Nc6 {[%emt 0:00:01]} 5. Be2 {[%emt 0:00:01]} Bd6 {[%emt 0:00:01]} 6. c3 {[%emt 0:00:01]} Qc7 {[%emt 0:00:01]} 7. Qc2 {[%emt 0:00:01]} Nf6 {[%emt 0:00:01]} 8. g3 {[%emt 0:00:01]} Bd7 {[%emt 0:00:01]} 9. O-O {[%emt 0:00:01]} h5 {[%emt 0:00:01]} 10. Nh4 {[%emt 0:00:01]} Ng4 {[%emt 0:00:01]} 11. f4 {[%emt 0:00:02]} g5 {[%emt 0:00:01]} 12. fxg5 {[%emt 0:00:01]} Bxg3 {[%emt 0:00:02]} 13. e5 {[%emt 0:00:06]} Ncxe5 {[%emt 0:00:03]} 14. Ndf3 {[%emt 0:00:01]} Nxf3+ {[%emt 0:00:01]} 15. Bxf3 {[%emt 0:00:00]} Bxh2+ {[%emt 0:00:01]} 16. Kh1 {[%emt 0:00:01]} Bc6 {[%emt 0:00:05]} 17. Qg2 {[%emt 0:00:01]} O-O-O {[%emt 0:00:06]} 18. g6 {[%emt 0:00:01]} fxg6 {[%emt 0:00:09]} 19. Nxg6 {[%emt 0:00:01]} Rh7 {[%emt 0:00:01]} 20. Nh4 {[%emt 0:00:03]} e5 {[%emt 0:00:03]} 21. Qh3 {[%emt 0:00:01]} Kb8 {[%emt 0:00:02]} 22. Bg5 {[%emt 0:00:02]} e4 {[%emt 0:00:02]} 23. Bxg4 {[%emt 0:00:01]} Rg8 {[%emt 0:00:03]} 24. Qxh2 {[%emt 0:00:03]} Qxh2+ {[%emt 0:00:02]} 25. Kxh2 {[%emt 0:00:00]} Rxg5 {[%emt 0:00:01]} 26. Bh3 {[%emt 0:00:01]} Rhg7 {[%emt 0:00:02]} 27. Rg1 {[%emt 0:00:01]} e3 {[%emt 0:00:01]} 28. Rxg5 {[%emt 0:00:01]} Rxg5 {[%emt 0:00:01]} 29. Nf3 {[%emt 0:00:01]} Rg7 {[%emt 0:00:02]} 30. Ne5 {[%emt 0:00:01]} d4 {[%emt 0:00:03]} 31. Nxc6+ {[%emt 0:00:01]} bxc6 {[%emt 0:00:01]} 32. cxd4 {[%emt 0:00:00]} Kc7 {[%emt 0:00:01]} 33. Rf1 {[%emt 0:00:00]} cxd4 {[%emt 0:00:01]} 34. Rf4 {[%emt 0:00:01] . Âðåìÿ (Lag: Av=0.21s, max=0.4s)} 1-0

[Event "Stay Safe Play From Home 284"]
[Site "Emanuel Lasker Arena"]
[Date "2020.07.07"]
[Round "4"]
[White "Cirovicz"]
[Black "SoulofWolf"]
[Result "0-1"]
[WhiteElo "1918"]
[BlackElo "2162"]
[PlyCount "70"]
[EventDate "2020.07.07"]
[EventType "swiss (blitz)"]

1. e4 {[%emt 0:00:02]} e6 {[%emt 0:00:00]} 2. d4 {[%emt 0:00:01]} c5 {[%emt 0:00:00]} 3. dxc5 {[%emt 0:00:02]} Bxc5 {[%emt 0:00:01]} 4. Nc3 {[%emt 0:00:01]} a6 {[%emt 0:00:00]} 5. Nf3 {[%emt 0:00:01]} b5 {[%emt 0:00:00]} 6. a3 {[%emt 0:00:01]} Bb7 {[%emt 0:00:00]} 7. Bf4 {[%emt 0:00:01]} Qb6 {[%emt 0:00:01]} 8. Qe2 {[%emt 0:00:02]} Nf6 {[%emt 0:00:01]} 9. O-O-O {[%emt 0:00:01]} Ng4 {[%emt 0:00:02]} 10. Be3 {[%emt 0:00:03]} Nxe3 {[%emt 0:00:01]} 11. fxe3 {[%emt 0:00:01]} Bxe3+ {[%emt 0:00:00]} 12. Kb1 {[%emt 0:00:01]} O-O {[%emt 0:00:01]} 13. h4 {[%emt 0:00:02]} Bc6 {[%emt 0:00:04]} 14. h5 {[%emt 0:00:01]} a5 {[%emt 0:00:01]} 15. h6 {[%emt 0:00:01]} g6 {[%emt 0:00:02]} 16. Ne5 {[%emt 0:00:02]} b4 {[%emt 0:00:04]} 17. Nxc6 {[%emt 0:00:05]} Nxc6 {[%emt 0:00:05]} 18. Na4 {[%emt 0:00:01]} Qa7 {[%emt 0:00:03]} 19. b3 {[%emt 0:00:01]} Bg5 {[%emt 0:00:02]} 20. Rd3 {[%emt 0:00:03]} Bf6 {[%emt 0:00:01]} 21. Rf3 {[%emt 0:00:02]} Be5 {[%emt 0:00:02]} 22. Qd3 {[%emt 0:00:05]} bxa3 {[%emt 0:00:02]} 23. Ka2 {[%emt 0:00:01]} Nb4+ {[%emt 0:00:01]} 24. Kxa3 {[%emt 0:00:02]} Nxd3 {[%emt 0:00:00]} 25. Rxd3 {[%emt 0:00:01]} Rfd8 {[%emt 0:00:04]} 26. Be2 {[%emt 0:00:01]} d5 {[%emt 0:00:00]} 27. Rhd1 {[%emt 0:00:03]} d4 {[%emt 0:00:01]} 28. c3 {[%emt 0:00:01]} Qe7+ {[%emt 0:00:01]} 29. Ka2 {[%emt 0:00:01]} dxc3 {[%emt 0:00:03]} 30. Rxd8+ {[%emt 0:00:01]} Rxd8 {[%emt 0:00:00]} 31. Rxd8+ {[%emt 0:00:01]} Qxd8 {[%emt 0:00:00]} 32. Bc4 {[%emt 0:00:01]} Qd2+ {[%emt 0:00:01]} 33. Kb1 {[%emt 0:00:01]} c2+ {[%emt 0:00:01]} 34. Ka2 {[%emt 0:00:01]} c1=Q+ {[%emt 0:00:00]} 35. Nb2 {[%emt 0:00:01]} Qcxb2# {[%emt 0:00:01] (Lag: Av=0.59s, max=0.8s)} 0-1

[Event "Stay Safe Play From Home 284"]
[Site "Emanuel Lasker Arena"]
[Date "2020.07.07"]
[Round "4"]
[White "Robk"]
[Black "Klasman"]
[Result "1-0"]
[WhiteElo "1483"]
[BlackElo "1417"]
[Annotator "NA"]
[PlyCount "55"]
[EventDate "2020.07.07"]
[EventType "swiss (blitz)"]

1. e4 {[%emt 0:00:02]} f5 {[%emt 0:00:02]} 2. d4 {[%emt 0:00:00]} fxe4 {[%emt 0:00:02]} 3. Nc3 {[%emt 0:00:00]} Nf6 {[%emt 0:00:01]} 4. Nge2 {[%emt 0:00:02]} d5 {[%emt 0:00:01]} 5. Ng3 {[%emt 0:00:00]} Bg4 {[%emt 0:00:03]} 6. Be2 {[%emt 0:00:03]} Bxe2 {[%emt 0:00:02]} 7. Qxe2 {[%emt 0:00:00]} e6 {[%emt 0:00:01]} 8. Be3 {[%emt 0:00:02]} Nc6 {[%emt 0:00:02]} 9. O-O-O {[%emt 0:00:01]} Bb4 {[%emt 0:00:01]} 10. Qd2 {[%emt 0:00:09]} Bxc3 {[%emt 0:00:03]} 11. Qxc3 {[%emt 0:00:02]} Qd6 {[%emt 0:00:01]} 12. h4 {[%emt 0:00:05]} Nb4 {[%emt 0:00:04]} 13. Kb1 {[%emt 0:00:03]} a5 {[%emt 0:00:04]} 14. h5 {[%emt 0:00:02]} a4 {[%emt 0:00:06]} 15. a3 {[%emt 0:00:01]} Nc6 {[%emt 0:00:03]} 16. h6 {[%emt 0:00:01]} g6 {[%emt 0:00:03]} 17. f3 {[%emt 0:00:03]} exf3 {[%emt 0:00:04]} 18. gxf3 {[%emt 0:00:00]} b5 {[%emt 0:00:02]} 19. f4 {[%emt 0:00:08]} b4 {[%emt 0:00:01]} 20. axb4 {[%emt 0:00:03]} Nxb4 {[%emt 0:00:02]} 21. Qe1 {[%emt 0:00:02]} a3 {[%emt 0:00:02]} 22. b3 {[%emt 0:00:02]} a2+ {[%emt 0:00:03]} 23. Ka1 {[%emt 0:00:01]} Nxc2+ {[%emt 0:00:02]} 24. Kb2 {[%emt 0:00:03]} Nxe1 {[%emt 0:00:01]} 25. Rhxe1 {[%emt 0:00:02]} Qa3+ {[%emt 0:00:01]} 26. Ka1 {[%emt 0:00:02]} Qxb3 {[%emt 0:00:02]} 27. Bc1 {[%emt 0:00:02]} Qc3+ {[%emt 0:00:02]} 28. Bb2 {[%emt 0:00:00] Time (Lag: Av=0.55s, max=0.8s)} 1-0

[Event "Stay Safe Play From Home 284"]
[Site "Emanuel Lasker Arena"]
[Date "2020.07.07"]
[Round "5"]
[White "Broken sword"]
[Black "Lazieri3"]
[Result "1-0"]
[WhiteElo "2497"]
[BlackElo "2122"]
[Annotator "TA"]
[PlyCount "65"]
[EventDate "2020.07.07"]
[EventType "swiss (blitz)"]

{[%evp 17,65,52,37,14,63,-19,46,41,80,32,31,0,0,0,14,-5,183,177,263,255,555,172,176,130,130,132,219,113,121,118,541,558,499,308,737,169,168,166,4978,1818,1349,207,29999,352,301,168,188,103,260,174]} 1. e4 c6 2. d4 d5 3. Nc3 dxe4 4. Nxe4 Nf6 5. Nxf6+ exf6 6. c3 Bd6 7. Bd3 g6 8. Qc2 O-O 9. Ne2 Re8 10. Bd2 {B15: Caro-Kann: 3 Nc3: 3...g6 and 3...dxe4 4 Nxe4 Nf6 5 Nxf6+ exf6.} c5 {[#]} 11. O-O-O $146 (11. h4 $1 $14) ({Predecessor:} 11. dxc5 Bxc5 12. O-O Nc6 13. Rad1 Bg4 14. Bf4 Qe7 15. Rde1 Rad8 16. h3 Rxd3 17. hxg4 Rdd8 18. b4 Bb6 19. a3 Qe4 20. Qc1 {½-½ (20) Gavrikov,V (2532)-Kiik,K (2439) Finland 1999}) 11... cxd4 (11... Nc6 $1 $11) 12. Nxd4 $14 {White is slightly better.} Qa5 13. Kb1 Nc6 14. Nb3 Qc7 15. h4 Be6 16. h5 Bxb3 $2 (16... Ne5 $11 {and Black has nothing to worry.} 17. Nd4 Nxd3 18. Qxd3 Bc4) 17. axb3 $18 f5 (17... Ne5 {was worth a try.}) 18. hxg6 fxg6 $2 (18... hxg6 19. Bxf5 Rad8) 19. Rh3 $2 (19. Bc4+ Kh8 20. g4 $1 {[%mdl 512]}) 19... Ne5 20. Be2 Ng4 21. Bc4+ Kh8 (21... Kg7 $16) 22. Bg5 ({White should try} 22. Rdh1 $18) 22... Bf4 $16 23. Bh4 {Threatens to win with f3.} a6 $2 {[%mdl 8192]} (23... Qg7 $16) 24. f3 $18 g5 {aiming for ...Ne3.} 25. fxg4 {Black must now prevent Bf2.} fxg4 $2 (25... gxh4 26. Rxh4 (26. Qxf5 Rf8 $16) (26. gxf5 Bg5 $18) 26... Bg5) 26. Rhh1 $2 (26. Rhd3 {White threatens Rd7 and mate.} Red8 27. Rxd8+ Rxd8 28. Rxd8+ Qxd8 29. Qf5 gxh4 30. Qxf4) 26... gxh4 27. Rxh4 $40 {[%mdl 128] White attacks with force.} Rad8 $2 (27... Qg7 28. Qf5 Rf8) 28. Rdh1 {[%cal Rh4h7]} Re7 29. Rxg4 $2 (29. Qf5 {Intending Qf6+ and mate.} Be5 30. Bd3) 29... Rd2 $2 (29... Rg7 $18 30. Qf5 Rxg4 31. Qxg4 b5) 30. Qc1 $2 (30. Rg8# {mates}) 30... Rg7 31. Rxg7 (31. Rhh4 $142 Rxg4 32. Rxg4) 31... Qxg7 {[#]} 32. Qe1 (32. b4 $1 $18) 32... Qg6+ $2 (32... Qe5 $16 {might work better.}) 33. Ka2 {Accuracy: White = 28%, Black = 19%.} 1-0

[Event "Stay Safe Play From Home 284"]
[Site "Emanuel Lasker Arena"]
[Date "2020.07.07"]
[Round "5"]
[White "Mepe_Nika"]
[Black "Jhhonnyy"]
[Result "1-0"]
[WhiteElo "2352"]
[BlackElo "2315"]
[Annotator "TA"]
[PlyCount "95"]
[EventDate "2020.07.07"]
[EventType "swiss (blitz)"]

{[%evp 23,94,114,102,-1,93,88,123,71,105,-60,-35,-231,-43,-116,-80,-129,-28,-20,-9,-22,0,0,0,0,0,-7,43,68,60,0,188,133,162,0,238,156,132,95,414,0,0,0,0,0,0,-44,-2,-220,-215,-287,1,-367,-387,-464,-495,-503,-439,-439,-439,-439,-429,-439,-439,-432,-425,-418,-410,-402,29973,29971,29998,29999,29999]} 1. d4 Nf6 2. c4 c5 3. d5 e6 4. Nc3 exd5 5. cxd5 d6 6. e4 g6 7. f4 Bg7 8. Bb5+ Nfd7 9. Bd3 O-O 10. Nf3 Re8 11. O-O a6 12. a4 Nf6 {[#]} 13. Be3 $146 {A67: Modern Benoni: Taimanov Variation.} (13. h3 $16) ({Predecessor:} 13. Re1 Bg4 14. h3 Bxf3 15. Qxf3 Nbd7 16. Be3 Rb8 17. Bf2 Qa5 18. g4 g5 19. e5 dxe5 20. fxg5 e4 21. Bxe4 Nxe4 22. Nxe4 Bxb2 {1-0 (38) Ioannidis,E (2401)-Willow,J (2386) chess.com INT 2020}) 13... c4 (13... Ng4 $11 14. Qd2 Nxe3 15. Qxe3 Bg4) 14. Bc2 $16 (14. Bxc4 $6 Nxe4 15. Bd4 Nxc3 $11) 14... Nbd7 15. Bf2 (15. a5 $142) 15... Qc7 16. Bg3 $2 (16. Re1 $16) 16... Nh5 17. Re1 $2 (17. Bf2 $15) 17... Rb8 $2 (17... Nxg3 $19 18. hxg3 Qb6+ {[%mdl 64] Double Attack} 19. Kh1 Qxb2) 18. Qd2 ({White should play} 18. Bf2 $1 $15) 18... b5 19. axb5 axb5 (19... Nxg3 $17 20. hxg3 axb5) 20. Bf2 $11 b4 21. Nd1 c3 22. bxc3 bxc3 23. Qc1 $1 Nc5 24. Bd4 $36 {[%mdl 2048] Black is under pressure.} Nf6 {[%cal Rc5e4]} 25. Nxc3 {Black must now prevent e5.} Bg4 26. Ng5 ({Better is} 26. Ra3 $14) 26... Rbc8 $2 (26... h6 $1 $11 27. Nf3 Bxf3 28. gxf3 Rb4) 27. h3 ({White should try} 27. e5 $18 Nh5 28. h3 dxe5 29. Bxe5 (29. hxg4 exd4 30. Rxe8+ Rxe8 $15) 29... Rxe5 30. fxe5 Bxe5 31. Nb5 (31. hxg4 $2 Bd4+ 32. Re3 Nd3 $19)) 27... Bd7 28. Nf3 $2 (28. Qd2 $18) 28... Qb8 $2 (28... Ncxe4 $11 {and Black stays safe.} 29. Nxe4 Nxe4 30. Bxg7 Qxc2 31. Qxc2 Rxc2) 29. e5 dxe5 30. fxe5 Nh5 $2 {[%mdl 8192]} (30... Nxd5 $16 31. Nxd5 Nb3) 31. e6 $2 (31. g4 $18) 31... Bxd4+ 32. Nxd4 fxe6 33. dxe6 Nxe6 34. Nxe6 Bxe6 35. Qd2 $2 {[#]} (35. Ba4 $11 Re7 36. Qe3) 35... Qb6+ $1 $19 ({Don't play} 35... Qb2 36. Ra7 $17) 36. Kh2 Qc5 $2 (36... Qc7+ $19 37. Kg1 Qxc3 38. Qxc3 Rxc3) 37. Ne4 $2 {[%mdl 8192]} (37. Ba4 $11 {and White is okay.} Qc7+ 38. Kg1) 37... Qxc2 38. Qg5 {If White can now play Nd6 this consolidates a bit.} Qc7+ 39. Kh1 Bf5 40. Nf6+ Nxf6 41. Qxf6 Qg7 42. Qg5 Rxe1+ 43. Rxe1 Rf8 44. Re7 Qa1+ 45. Kh2 Qa5 $4 {[%mdl 8192] [#]} (45... Qd4 $19 46. Qg3 Rf7) 46. Qh6 {[%csl Ge7][%cal Rh6h7] White mates.} Rf7 47. Re8+ Rf8 48. Rxf8# {Accuracy: White = 29%, Black = 37%.} 1-0

[Event "Stay Safe Play From Home 284"]
[Site "Emanuel Lasker Arena"]
[Date "2020.07.07"]
[Round "5"]
[White "SoulofWolf"]
[Black "Ironmike"]
[Result "1-0"]
[WhiteElo "2168"]
[BlackElo "1967"]
[PlyCount "135"]
[EventDate "2020.07.07"]
[EventType "swiss (blitz)"]
[BlackTeam "SV Horst-Emscher I"]

{- Dönges, Dirk (1820)} 1. Nf3 {[%emt 0:00:00]} b6 {[%emt 0:00:01]} 2. c4 {[%emt 0:00:00]} Bb7 {[%emt 0:00:01]} 3. e3 {[%emt 0:00:00]} c5 {[%emt 0:00:00]} 4. Be2 {[%emt 0:00:01]} Nf6 {[%emt 0:00:00]} 5. O-O {[%emt 0:00:00]} d6 {[%emt 0:00:00]} 6. b3 {[%emt 0:00:00]} g6 {[%emt 0:00:00]} 7. Bb2 {[%emt 0:00:00]} Bg7 {[%emt 0:00:00]} 8. d4 {[%emt 0:00:01]} O-O {[%emt 0:00:01]} 9. d5 {[%emt 0:00:00]} e6 {[%emt 0:00:01]} 10. dxe6 {[%emt 0:00:01]} fxe6 {[%emt 0:00:02]} 11. Nc3 {[%emt 0:00:00]} e5 {[%emt 0:00:01]} 12. Qc2 {[%emt 0:00:01]} Nbd7 {[%emt 0:00:03]} 13. Rad1 {[%emt 0:00:00]} Qe7 {[%emt 0:00:01]} 14. Rd2 {[%emt 0:00:01]} Rad8 {[%emt 0:00:00]} 15. Rfd1 {[%emt 0:00:00]} Nb8 {[%emt 0:00:02]} 16. Ba3 {[%emt 0:00:01]} Nfd7 {[%emt 0:00:03]} 17. Nb5 {[%emt 0:00:02]} a5 {[%emt 0:00:01]} 18. Nxd6 {[%emt 0:00:02]} Ba8 {[%emt 0:00:00]} 19. Nb5 {[%emt 0:00:03]} e4 {[%emt 0:00:01]} 20. Ne1 {[%emt 0:00:02]} Ne5 {[%emt 0:00:01]} 21. Rxd8 {[%emt 0:00:03]} Rxd8 {[%emt 0:00:00]} 22. Rxd8+ {[%emt 0:00:01]} Qxd8 {[%emt 0:00:01]} 23. Qd1 {[%emt 0:00:00]} Qe7 {[%emt 0:00:01]} 24. h3 {[%emt 0:00:02]} Nbc6 {[%emt 0:00:00]} 25. Qd6 {[%emt 0:00:01]} Qf7 {[%emt 0:00:02]} 26. Nc7 {[%emt 0:00:04]} Bb7 {[%emt 0:00:02]} 27. Nd5 {[%emt 0:00:02]} Nb4 {[%emt 0:00:03]} 28. Bxb4 {[%emt 0:00:02]} axb4 {[%emt 0:00:01]} 29. Nxb6 {[%emt 0:00:04]} h5 {[%emt 0:00:01]} 30. Nd5 {[%emt 0:00:01]} h4 {[%emt 0:00:02]} 31. Qxc5 {[%emt 0:00:01]} Nd3 {[%emt 0:00:02]} 32. Bxd3 {[%emt 0:00:04]} exd3 {[%emt 0:00:00]} 33. Nxd3 {[%emt 0:00:00]} Kh7 {[%emt 0:00:02]} 34. Ne1 {[%emt 0:00:01]} Qf5 {[%emt 0:00:01]} 35. Qxb4 {[%emt 0:00:02]} Bxd5 {[%emt 0:00:02]} 36. cxd5 {[%emt 0:00:00]} Qxd5 {[%emt 0:00:01]} 37. Qxh4+ {[%emt 0:00:03]} Kg8 {[%emt 0:00:02]} 38. Qc4 {[%emt 0:00:01]} Qxc4 {[%emt 0:00:02]} 39. bxc4 {[%emt 0:00:00]} Kf7 {[%emt 0:00:00]} 40. Nc2 {[%emt 0:00:00]} Ke6 {[%emt 0:00:00]} 41. Kf1 {[%emt 0:00:00]} Kd6 {[%emt 0:00:00]} 42. Ke1 {[%emt 0:00:00]} Kc5 {[%emt 0:00:00]} 43. Kd2 {[%emt 0:00:00]} Kxc4 {[%emt 0:00:00]} 44. Nd4 {[%emt 0:00:01]} Kd5 {[%emt 0:00:00]} 45. Kd3 {[%emt 0:00:01]} Be5 {[%emt 0:00:01]} 46. Ne2 {[%emt 0:00:00]} Bd6 {[%emt 0:00:01]} 47. f3 {[%emt 0:00:00]} Ke6 {[%emt 0:00:01]} 48. e4 {[%emt 0:00:00]} Bb4 {[%emt 0:00:01]} 49. a4 {[%emt 0:00:00]} Ba3 {[%emt 0:00:00]} 50. Nd4+ {[%emt 0:00:00]} Kd7 {[%emt 0:00:01]} 51. Nb5 {[%emt 0:00:00]} Bb4 {[%emt 0:00:02]} 52. Kc4 {[%emt 0:00:00]} Ba5 {[%emt 0:00:00]} 53. Nd4 {[%emt 0:00:01]} Bb6 {[%emt 0:00:00]} 54. Ne2 {[%emt 0:00:00]} Kd6 {[%emt 0:00:01]} 55. Nc3 {[%emt 0:00:00]} Bf2 {[%emt 0:00:00]} 56. Nb5+ {[%emt 0:00:00]} Kc6 {[%emt 0:00:01]} 57. a5 {[%emt 0:00:00]} Kb7 {[%emt 0:00:01]} 58. Nc3 {[%emt 0:00:01]} Ka6 {[%emt 0:00:00]} 59. Kb4 {[%emt 0:00:00]} Be1 {[%emt 0:00:01]} 60. Kb3 {[%emt 0:00:00]} Kb7 {[%emt 0:00:00]} 61. Nd5 {[%emt 0:00:01]} Ka6 {[%emt 0:00:00]} 62. Kc4 {[%emt 0:00:00]} Kxa5 {[%emt 0:00:00]} 63. e5 {[%emt 0:00:00]} Ka6 {[%emt 0:00:01]} 64. e6 {[%emt 0:00:00]} Kb7 {[%emt 0:00:00]} 65. e7 {[%emt 0:00:00]} Kc8 {[%emt 0:00:00]} 66. e8=Q+ {[%emt 0:00:00]} Kb7 {[%emt 0:00:01]} 67. Qxg6 {[%emt 0:00:00]} Bc3 {[%emt 0:00:01]} 68. Qe4 {[%emt 0:00:00] Zeit (Lag: Av=0.45s, max=0.9s)} 1-0

[Event "Stay Safe Play From Home 284"]
[Site "Emanuel Lasker Arena"]
[Date "2020.07.07"]
[Round "5"]
[White "Fischer_11"]
[Black "Bardellosport"]
[Result "0-1"]
[WhiteElo "2037"]
[BlackElo "1958"]
[Annotator "NA"]
[PlyCount "86"]
[EventDate "2020.07.07"]
[EventType "swiss (blitz)"]

1. e4 {[%emt 0:00:02]} d6 {[%emt 0:00:00]} 2. d4 {[%emt 0:00:01]} Nd7 {[%emt 0:00:00]} 3. Nc3 {[%emt 0:00:00]} Ngf6 {[%emt 0:00:00]} 4. Bg5 {[%emt 0:00:00]} e5 {[%emt 0:00:00]} 5. dxe5 {[%emt 0:00:00]} dxe5 {[%emt 0:00:01]} 6. f4 {[%emt 0:00:00]} exf4 {[%emt 0:00:01]} 7. Bxf4 {[%emt 0:00:00]} Be7 {[%emt 0:00:01]} 8. Qd2 {[%emt 0:00:01]} c6 {[%emt 0:00:00]} 9. O-O-O {[%emt 0:00:00]} Qb6 {[%emt 0:00:00]} 10. Nf3 {[%emt 0:00:02]} a5 {[%emt 0:00:01]} 11. e5 {[%emt 0:00:00]} Nh5 {[%emt 0:00:03]} 12. Bg3 {[%emt 0:00:02]} Nxg3 {[%emt 0:00:01]} 13. hxg3 {[%emt 0:00:00]} Nc5 {[%emt 0:00:01]} 14. Kb1 {[%emt 0:00:05]} Be6 {[%emt 0:00:01]} 15. Bd3 {[%emt 0:00:04]} O-O-O {[%emt 0:00:01]} 16. Qe3 {[%emt 0:00:05]} Qb4 {[%emt 0:00:04]} 17. a3 {[%emt 0:00:03]} Qb6 {[%emt 0:00:01]} 18. Ne4 {[%emt 0:00:04]} Na4 {[%emt 0:00:02]} 19. Qxb6 {[%emt 0:00:01]} Nxb6 {[%emt 0:00:00]} 20. Nfg5 {[%emt 0:00:04]} h6 {[%emt 0:00:02]} 21. Nxe6 {[%emt 0:00:01]} fxe6 {[%emt 0:00:00]} 22. Be2 {[%emt 0:00:03]} Nd5 {[%emt 0:00:01]} 23. Bg4 {[%emt 0:00:02]} Kb8 {[%emt 0:00:03]} 24. Bxe6 {[%emt 0:00:01]} Rdf8 {[%emt 0:00:01]} 25. Bxd5 {[%emt 0:00:01]} cxd5 {[%emt 0:00:00]} 26. Rxd5 {[%emt 0:00:02]} Bg5 {[%emt 0:00:01]} 27. Nxg5 {[%emt 0:00:01]} hxg5 {[%emt 0:00:00]} 28. Rxh8 {[%emt 0:00:02]} Rxh8 {[%emt 0:00:00]} 29. e6 {[%emt 0:00:00]} Re8 {[%emt 0:00:01]} 30. Rxg5 {[%emt 0:00:02]} Re7 {[%emt 0:00:02]} 31. Rxa5 {[%emt 0:00:01]} Kc7 {[%emt 0:00:01]} 32. Rg5 {[%emt 0:00:01]} Kd6 {[%emt 0:00:00]} 33. Rg6 {[%emt 0:00:00]} Ke5 {[%emt 0:00:01]} 34. g4 {[%emt 0:00:02]} b5 {[%emt 0:00:02]} 35. b3 {[%emt 0:00:01]} Kd4 {[%emt 0:00:01]} 36. Kb2 {[%emt 0:00:01]} Kc5 {[%emt 0:00:01]} 37. c3 {[%emt 0:00:00]} Kb6 {[%emt 0:00:00]} 38. c4 {[%emt 0:00:01]} Kc5 {[%emt 0:00:01]} 39. cxb5 {[%emt 0:00:01]} Kxb5 {[%emt 0:00:00]} 40. a4+ {[%emt 0:00:00]} Kc5 {[%emt 0:00:00]} 41. g5 {[%emt 0:00:01]} Kd4 {[%emt 0:00:00]} 42. Ka3 {[%emt 0:00:01]} Ke5 {[%emt 0:00:00]} 43. b4 {[%emt 0:00:00]} Rc7 {[%emt 0:00:01] Zeit (Lag: Av=0.33s, max=0.5s)} 0-1